000 00868cab a2200253 4500
001 ABS48364
008 090401t1993 xxu||||| |||| 00| 0 eng d
035 _a(Sirsi) u66366
041 _aeng
100 _aKnowles, R.
245 _aLegal
260 _c1993
350 _a0
490 _aChartered Quantity Surveyor
_v15(8) April 1993, 22(1)
520 _aDiscusses "West Faulkner Associates v Newham LBC" 1993 decision (Abs48324) and the use of the phrase `regularly and diligently`. Concerned a claim by W for recovery of fees together with damages for wrongful repudiation against defendant N.
650 _aBILL OF QUANTITIES
650 _aDAMAGES
650 _aRECOVERY OF FEES
650 _aREGULARLY AND DILIGENTLY
650 _aWRONGFUL REPUDIATION
690 _aBUILT ENVIRONMENT-BUILDING CONTRACT FORMS
942 _n0
948 _c04/03/1997
999 _c41482
_d41482